Stati per Esportazioni pro capite - Statistics

Statistiche generali
  • Questo quiz è stato fatto 2 volte
  • Il punteggio medio è 13 su 15
Statistiche sulle risposte
Esportazioni pro capite ($) Continente Nazione % Corretto
32 734 Europa Austria
100%
66 461 Europa Belgio
100%
43 622 Europa Danimarca
100%
113 251 Europa Irlanda
100%
34 490 Europa Islanda
100%
234 313 Europa Lussemburgo
100%
43 622 Europa Malta
100%
47 070 Europa Norvegia
100%
70 579 Europa Paesi Bassi
100%
135 049 Asia Singapore
100%
59 997 Europa Svizzera
100%
32 320 Asia Brunei
50%
55 285 Asia Qatar
50%
38 362 Europa Slovenia
50%
92 515 Asia Emirati Arabi Uniti
0%
Nessun quiz corrispondente trovato
Distribuzione punteggi
Percentuale di utenti per punteggio
Percentile per numero di risposta
I tuoi punteggi nel tempo
Non hai fatto questo quiz